IO. Immigrazioni ed Omosessualità. Diritti e salute

में बचाया:
ग्रंथसूची विवरण
स्वरूप: पुस्तक
भाषा:अंग्रेज़ी
ऑनलाइन पहुंच:IO. Immigrazioni ed Omosessualità. Diritti e salute.
टैग: टैग जोड़ें
कोई टैग नहीं, इस रिकॉर्ड को टैग करने वाले पहले व्यक्ति बनें!

MARC

LEADER 00000nam a2200000 4500
005 20240228234133.0
008 240227b |||||||| |||| 00| 0 eng d
040 |c C 
245 |a IO. Immigrazioni ed Omosessualità. Diritti e salute 
500 |a Risorsa rintracciabile online (link nella scheda). 
856 |u https://www.arcigay.it/wp-content/uploads/2008-Immigrazione-IO-Broqure-ITA.pdf  |y IO. Immigrazioni ed Omosessualità. Diritti e salute. 
942 |2 ddc  |c BK  |n 0 
952 |0 0  |1 4  |2 ddc  |4 0  |6 325_100000000000000_ARC_IOI  |7 1  |9 762  |a GE  |b GE  |d 2015-12-17  |l 0  |o 325.1 ARC IOI  |p 3101  |r 2024-02-27 16:26:41  |w 2024-02-27  |y BK 
999 |c 715  |d 715